000 01806nam2a2200349 4500
001 rc\2994171
005 20260524042742.0
035 _a(NLR Aleph) 007138001
090 _a13613965
_c13613965
100 _a20110916d1940 u y0rusy50 ca
101 1 _arus
102 _aRU
105 _aca z |||||
200 0 _aАд
_fПер. М. Лозинского
_gКомментарии А.И. Белецкого
_gИл. Гюстава Дорэ
210 _d1940
215 _a336 с., 1 вкл. л. портр.
_cил., портр.
300 _aНа обороте тит. л.: Dante Alighieri. La Divina commedia. Inferno
300 _aНа переплете только загл. части: Ад
327 0 _aВступ. статья: Дживелегов А.К. Данте и его "Комедия", с. 3-17
461 0 _1001rc\2994170
_12000#$aБожественная комедия$vАд
_1700#1$aДанте$bА.$gАлигьери$f1265-1321
_97026566
_aДанте, А. (1265-1321)
_cМосква
_d1940
_nГослитиздат
_tБожественная комедия
_vАд
464 0 _12001#$aДанте и его "Комедия"
_1700#1$aДживелегов$bА. К.$4070
_tДанте и его "Комедия"
_aДживелегов, А. К.
500 _7ba
_aDivina commedia
_iInferno
_92639527
_3RU\NLR\AUTH\5508555
700 0 _7ca
_8rus
_aДанте Алигьери
_f1265-1321
_9122012
_3RU\NLR\AUTH\7712289
702 1 _4730
_7ca
_8rus
_aЛозинский
_bМ. Л.
_f1886-1955
_gМихаил Леонидович
_949067
_3RU\NLR\AUTH\7766138
702 1 _aБелецкий
_bА. И.
_4570
702 1 _aДорэ
_bГ.
_f1832-1883
_gГюстав
_4440
801 0 _aRU
_bNLR
_gpsbo
801 1 _aRU
_bELAR
_2rusmarc
852 _aNLR
_j40-19/127(1)
942 _cUNSPEC
980 _aNB